| 000 | 01036cad a2200265 4500 | ||
|---|---|---|---|
| 001 | L158796 | ||
| 008 | 100215n2013 000 0 eng u | ||
| 020 | _a9781783210305 | ||
| 035 | _a(Sirsi) u158796 | ||
| 041 | _aeng | ||
| 100 | 1 | _aKulkarni, A.S. | |
| 111 | 2 |
_aConstruction and Building Research Conference _cIIT Delhi, New Delhi _d10-12 September 2013 |
|
| 245 | 0 | 0 |
_aExperimental investigation of thermal and visual performance of windows glass material _h[electronic resource] |
| 260 |
_aLondon _bRICS _c2013 |
||
| 490 | 0 |
_aCOBRA _v2013 |
|
| 520 | _aA paper presented at the COBRA Conference in New Delhi on 10-12 September 2013. Concerns the findings from experimental investigation of the thermal and visual performance of window glass materials. | ||
| 650 | 2 | 4 | _aCONSTRUCTION AND BUILDING RESEARCH CONFERENCE (COBRA) |
| 650 | 2 | 4 | _aTHERMAL PERFORMANCE |
| 650 | 2 | 4 | _aGLASS |
| 651 | 4 | _aIndia | |
| 690 | _aBuilding materials and defects | ||
| 700 | 1 | _aDakwale, V.A. | |
| 700 | 1 | _aRalegaonkar, Rahul V. | |
| 942 | _n0 | ||
| 999 |
_c115507 _d115507 |
||